The Unwelcome Literary Guest III Quiz Stats

 Plays Quiz Updated Nov 19, 2018

Score 0/15 Timer 06:00
6 Plays Today
Question Answer Wrong Answers
Winnie-the-Pooh Mickey Mouse
98.4%
Christopher Robin
0.9%
Eeyore
0.5%
Owl
0.3%
Little Women Grant March
89.5%
Meg March
4.1%
Jo March
2.8%
Beth March
1.3%
Hamlet Sarabi
83.9%
Hamlet
0.6%
Claudius
11.2%
Polonius
2.8%
Gulliver's Travels Captain Nemo
83.7%
Lemuel Gulliver
0.7%
Glumdalclitch
3.3%
Don Pedro de Mendez
11.5%
Wuthering Heights Ellis Bell
70.6%
Heathcliff
6%
Catherine Earnshaw
5%
Edgar Linton
14.4%
Divergent Tycho Nestoris
58.9%
Beatrice 'Tris' Prior
6.3%
Tobias 'Four' Eaton
13.4%
Caleb Prior
16.7%
Madame Bovary Naomi Boulanger
56.4%
Emma Bovary
5.3%
Charles Bovary
11.3%
Rodolphe Boulanger
24%
Aeneid Osiris
56.3%
Aeneas
5.6%
Hector
14.2%
Dido
19.6%
The Fountainhead Humbert Humbert
54.9%
Dominique Francon
12.2%
Howard Roark
10.8%
Peter Keating
16.1%
Book Thief Greg Heffley
53.3%
Liesel Meminger
11.8%
Hans Hubermann
15.8%
Rudy Steiner
15.2%
Brothers Karamazov Staraya Karamazov
48.2%
Fyodor Karamazov
14.5%
Alyosha Karamazov
29.8%
Dmitri Karamazov
4.1%
Fault in Our Stars Hank Green
48.1%
Hazel Lancaster
9.4%
Augustus Waters
13.8%
Peter Van Houten
23.7%
One Hundred Years of Solitude Florentino Ariza
29%
José Arcadio Buendía
9.3%
Remedios the Beauty
46%
Colonel Aureliano Buendía
9.4%
The Remains of the Day Mrs. Ramsay
28.7%
Mr. Stevens
17.9%
Lord Darlington
29.2%
Miss Kenton
18.5%
The Elegance of the Hedgehog Antonia Shimerda
20.1%
Renee Michel
20.6%
Paloma Josse
17.8%
Kakuro Ozu
36%

You're not logged in!

Compare scores with friends on all Sporcle quizzes.
OR
Log In

Show Comments

Extras

Top Quizzes Today


Score Distribution

Your Account Isn't Verified!

In order to create a playlist on Sporcle, you need to verify the email address you used during registration. Go to your Sporcle Settings to finish the process.

Report this User

Report this user for behavior that violates our Community Guidelines.

Details: